Junta que en casa de D. Santos Celis tuvieron ciertos eruditos a la violeta y parecer que sobre dicho papel ha dado el mismo a D. Manuel Noriega haviendosele este pedido con las mayores instancias desde Sevilla. (Record no. 152921)
[ view plain ]
| 000 -LEADER | |
|---|---|
| campo de control de longitud fija | 01192nam a2200253 i 4500 |
| 001 - NÚMERO DE CONTROL | |
| campo de control | 152921 |
| 003 - IDENTIFICADOR DE NÚMERO DE CONTROL | |
| campo de control | ES-MaACL |
| 005 - FECHA Y HORA DE LA ÚLTIMA TRANSACCIÓN | |
| campo de control | 20230906204929.0 |
| 008 - DATOS DE LONGITUD FIJA--INFORMACIÓN GENERAL | |
| campo de control de longitud fija | 931025s1772 sp |||| | spa d |
| 100 1# - ENTRADA PRINCIPAL--NOMBRE DE PERSONA | |
| Nombre de persona | Rubín de Celis, Manuel. |
| 9 (RLIN) | 149007 |
| 245 10 - MENCIÓN DEL TÍTULO | |
| Título | Junta que en casa de D. Santos Celis tuvieron ciertos eruditos a la violeta y parecer que sobre dicho papel ha dado el mismo a D. Manuel Noriega haviendosele este pedido con las mayores instancias desde Sevilla. |
| 260 ## - PUBLICACIÓN, DISTRIBUCIÓN, ETC. | |
| Lugar de publicación, distribución, etc. | Madrid : |
| Nombre del editor, distribuidor, etc. | en la Imprenta y Librería de D. Manuel Martin, |
| Fecha de publicación, distribución, etc. | 1772. |
| 300 ## - DESCRIPCIÓN FÍSICA | |
| Extensión | 62 p. ; |
| Dimensiones | 8º (14 cm) |
| 510 0# - NOTA DE CITAS O REFERENCIAS BIBLIOGRÁFICAS | |
| Nombre de la fuente | Aguilar Piñal. Bib. S.XVIII, |
| Localización dentro de la fuente | v. 7, 2211 |
| 530 ## - NOTA DISPONIBLE DE FORMULARIO FÍSICO ADICIONAL | |
| Nota de formato físico adicional disponible | Disponible en formato digital. |
| 594 ## - Nota al título y mención de responsabilidad | |
| Nota al título y mención de responsabilidad | Según Piñal, es una sátira contra "Los eruditos a la violeta", de Cadalso. |
| 597 ## - NOTA DE DESCRIPCIÓN FÍSICA | |
| NOTA DE DESCRIPCIÓN FÍSICA | Sign.: A-C8, D7. |
| 600 14 - PUNTO DE ACCESO ADICIONAL DE MATERIA--NOMBRE DE PERSONA | |
| Nombre de persona | Cadalso, José ( |
| Fechas asociadas al nombre | 1741-1782) |
| 9 (RLIN) | 33373 |
| 650 #4 - PUNTO DE ACCESO ADICIONAL DE MATERIA--TÉRMINO DE MATERIA | |
| Término de materia o nombre geográfico como elemento de entrada | Sátira española- |
| Subdivisión cronológica | S.XVIII. |
| 9 (RLIN) | 167575 |
| 700 1# - ENTRADA AGREGADA--NOMBRE PERSONAL | |
| Nombre de persona | Noriega, Manuel. |
| 9 (RLIN) | 130524 |
| 740 42 - ENTRADA AGREGADA--TÍTULO RELACIONADO/ANALÍTICO NO CONTROLADO | |
| Título relacionado o analítico no controlado | Los eruditos a la violeta. |
| 852 ## - LOCALIZACIÓN | |
| Ubicación | ES-MaACL |
| Número de control de estantería | R-3192 |
| Encuadernación | Olim:T-1354-F-3 |
| Nota libre | - Enc. piel marrón con hierros |
| 856 ## - LOCALIZACIÓN Y ACCESO ELECTRÓNICOS | |
| Identificador Uniforme de Recursos | <a href="http://bdh-rd.bne.es/viewer.vm?id=0000081914&page=1 ">http://bdh-rd.bne.es/viewer.vm?id=0000081914&page=1 </a> |
| Nota pública | Biblioteca Digital Hispánica |
| Estatus retirado | Estado de pérdida | Estado de daño | No para préstamo | Colección | Biblioteca de origen | Biblioteca actual | Ubicación en estantería | Fecha de adquisición | Total de préstamos | Signatura topográfica completa | Código de barras | Visto por última vez | Precio de reemplazo | Tipo de ítem Koha |
|---|---|---|---|---|---|---|---|---|---|---|---|---|---|---|
| Colección digital | Biblioteca del Ateneo de Madrid | Biblioteca del Ateneo de Madrid | Depósito | 17/01/2008 | R-3192 | 1159726 | 23/02/2023 | 23/02/2023 | Libro impreso antiguo |
